00502pam a2200193 a 4500001000800000005001700008008004100025010001700066020002500083040001800108041000800126043001200134080001200146082002000158100000700178101000800185245004900193504006600242390647620180313045705.0910719s1991 nyu b 001 0 eng  a 91029800  a0814734804 :c$45.00 aDLCcDLCdDLC aeng ae-fr--- a320.50900a320.509 HAY2201 a20 aSHP10aAfter the French Revolution :cJack Hayward. aIncludes bibliographical references (p. [303]-359) and index.